Llibre de privilegis de la vila de Puigcerdà / edició a cura de Sebastià Bosom i Isern, Susanna Vela i Palomares
ISBN:
978-84-9779-627-9
Descripción Física:
465 p. ; 24 cm
Colección:
Llibres de Privilegis ; 13
MARC
| LEADER | 00000nam a2200000Ia 4500 | ||
|---|---|---|---|
| 001 | 20464 | ||
| 008 | 160829s2007 xx 000 0 cat d | ||
| 020 | |a 978-84-9779-627-9 | ||
| 080 | |a H-3-63 | ||
| 245 | |a Llibre de privilegis de la vila de Puigcerdà / edició a cura de Sebastià Bosom i Isern, Susanna Vela i Palomares | ||
| 260 | |a Barcelona : |b Fundació Noguera ; Lleida : |b Pagès, |c 2007 | ||
| 300 | |a 465 p. ; |c 24 cm | ||
| 490 | |a Llibres de Privilegis ; 13 | ||
| 590 | |a Bibliografia | ||
| 650 | |a Puigcerdà |x Cartes, privilegis, immunitats |9 44983 | ||
| 650 | |a Puigcerdà |x Història |x Fonts |9 44984 | ||
| 700 | 1 | |a Bosom i Isern, Sebastià |e editor |9 45699 | |
| 700 | |a Vela Palomares, Susanna |e editor |9 38427 | ||
| 700 | |a Fundació Noguera |9 70407 | ||
| 901 | |a Arxiu | ||
| 942 | |n 1 |2 udc | ||
| 952 | |0 0 |1 0 |4 0 |6 H363 |7 1 |9 52763 |a Arxiu |b Arxiu |d 2016-12-01 |l 0 |o H-3-63 |p 20464 |r 2016-12-01 00:00:00 |w 2016-12-01 |y ARXIU | ||
| 999 | |c 56612 |d 56612 | ||